Introduction to plasma theory (Record no. 8053)

MARC details
000 -LEADER
fixed length control field 00501nam a2200169Ia 4500
003 - CONTROL NUMBER IDENTIFIER
control field IN-BaIIA
008 - FIXED-LENGTH DATA ELEMENTS--GENERAL INFORMATION
fixed length control field 211028s9999 xx 000 0 eng d
020 ## - INTERNATIONAL STANDARD BOOK NUMBER
International Standard Book Number 0-471-09045-X
040 ## - CATALOGING SOURCE
Transcribing agency IIA Library
080 ## - UNIVERSAL DECIMAL CLASSIFICATION NUMBER
Universal Decimal Classification number 533
Item number NIC
100 ## - MAIN ENTRY--PERSONAL NAME
Personal name Nicholson Dwight, R.
9 (RLIN) 13590
245 #0 - TITLE STATEMENT
Title Introduction to plasma theory
Statement of responsibility, etc. R. Nicholson Dwight
260 ## - PUBLICATION, DISTRIBUTION, ETC.
Place of publication, distribution, etc. New York
Name of publisher, distributor, etc. John Wiley & Sons
Date of publication, distribution, etc. 1983
300 ## - PHYSICAL DESCRIPTION
Extent xii, 292p.
650 ## - SUBJECT ADDED ENTRY--TOPICAL TERM
Topical term or geographic name entry element Plasmas-Ionized gas
9 (RLIN) 12257
942 ## - ADDED ENTRY ELEMENTS (KOHA)
Koha item type Books
Holdings
Withdrawn status Lost status Damaged status Not for loan Home library Current library Shelving location Date acquired Total Checkouts Full call number Barcode Date last seen Price effective from Koha item type
        IIA Library-Bangalore IIA Library-Bangalore General Stacks 16/01/1985   533/ NIC 8886 05/11/2021 16/01/1985 Books

Powered by Koha